000
00309nam a22001217a 4500
008
170104b xxu||||| |||| 00| 0 eng d
020
_a
9780323014304
041
_a
eng
080
_2
6th ed.
_a
618.2
082
_2
6th ed.
245
_a
MOSBY'S MEDICAL NURSING & ALLIED HEALTH DICTIONARY
_c
MOSBY
942
_2
udc
_c
BK
999
_c
2520
_d
2520